000 01666nam a22004337a 4500
001 0008188
003 KOHA_MİRAKIL
005 20260207001625.0
007 ta
008 091009b1991 tu |||gr||||#0|||0|tur |
020 _a9751600804
_qTk.
020 _a9751600855
_qc.1
020 _a9751600863
_qc.2
_cTL5
040 _aTR-BiSEU
_btur
_cTR-BiSEU
_erda
041 0 _atur
044 _ctu
050 _aDR481
_b.Y83 1991
100 1 _aYücel, Yaşar.
245 1 _aAnadolu beylikleri hakkında araştırmalar I :
_bÇoban-oğulları beyliği , Candar-oğullari beyliği , Mesalikü'l-ebsar'a göre Anadolu Beylikler/
_cYaşar Yücel ; Yaşar Yücel.
264 1 _aAnkara :
_bAtatürk Kültür, Dil ve Tarih Yüksek KurumuTürk Tarih Kurumu Basımevi
_c1991
300 _a2 c., 292 sayfa; 24 cm.
336 _ametin
_btxt
_2rdacontent
337 _aaracısız
_bn
_2rdamedia
338 _acilt
_bnc
_2rdacarrier
490 1 _aAtatürk Kültür, Dil ve Tarih Yüksek KurumuTürk Tarih Kurumu yayınları.
490 1 _aVII.
490 1 _adizi ;
_vsa.
490 1 _a74-a1
500 _aKaynakça ve dizin var.
500 _ac.1 Çoban-oğulları beyliği. Candar-oğullari beyliği. Mesalikü'l-ebsar'a göre Anadolu Beylikleri.c.2 Eratna devleti. Kadi Burhaneddin Ahmed ve devleti. Mutahharten ve Erzincan Emirliği
650 0 _aSeljuks--Turkey--History.
_914853
650 0 _aTurkey--History To 1453.
_916624
830 1 _aAtatürk Kültür, Dil ve Tarih Yüksek KurumuTürk Tarih Kurumu yayınları.
_920304
830 1 _aVII.
_920305
830 1 _adizi ;
_vsa.
_910357
830 1 _a74-a1
_920306
907 _aTarih
942 _2lcc
_cBK
999 _c8161
_d8161